00580 a2200157 4500010001400000020002600014035001300040037001500053082001700068100001600085245007300101250001200174260004200186270016600228300002800394 aENG-86258 a9788175346246c550.00 aEN-69791 bDBAD / PUB a344.54010264 aKumar, H.L. aDigest of labour cases 1990-2007 :bcase law finder /cby H.L. Kumar a5th ed. aDelhibUniversal Law Publishingc2007 aC-FF-1A, Dilkhush Industrial Estate, (Opp. Hans Cinema, Azadpur), G.T. Karnal Road,bDelhicNew Delhie110 033k011-27438103l011-27458529msales@unilawbooks.com alxxx, 602p.c23cm. (Hb)